|
|
|
|
| LEADER |
00000nam a2200000 a 4500 |
| 001 |
vtls009489450 |
| 003 |
SK-MaSNL |
| 005 |
20260302043625.0 |
| 008 |
160208s2008 xo o g 000 0 hun |
| 015 |
|
|
|a SNBA2009/05-02204
|
| 020 |
|
|
|a 9788089269105 (viaz.)
|
| 035 |
|
|
|a 28304B5B-ED7C-45EF-B2A2-79B6897065FA
|
| 035 |
|
|
|a urn:nbn:sk:snk-amk89m
|
| 035 |
|
|
|a urn:nbn:sk:snk-am003caf
|
| 040 |
|
|
|a SNK
|b slo
|c SNK
|e AACR2
|
| 041 |
0 |
|
|a hun
|
| 044 |
|
|
|a xo
|c SK
|
| 072 |
|
7 |
|a 27-78
|x Kresťanské združenia, spolky a organizácie. Rehoľné rády
|2 konspekt
|
| 072 |
|
7 |
|a 929
|x Biografie
|2 konspekt
|
| 080 |
|
|
|a 27-726.2
|2 2001
|
| 080 |
|
|
|a (437.6)
|2 2001
|
| 080 |
|
|
|a 929
|2 2001
|
| 080 |
|
|
|a (092)
|2 2001
|
| 245 |
0 |
0 |
|a Szeret az isten
|b köszöntések dr. Erdélyi Géza püspök 70. születésnapjára
|c [összeállította: A. Kis Béla]
|
| 250 |
|
|
|a 1. kiad.
|
| 260 |
|
|
|a Komárom
|b Szlovákiai Református Keresztyén Egyház
|c 2008
|
| 300 |
|
|
|a 94 s.
|b fareb. fotogr.
|c 21 cm
|
| 500 |
|
|
|a Tir. aj slov.
|
| 600 |
1 |
7 |
|a Erdélyi, Géza,
|d 1937-
|2 SNKMA
|9 102301
|
| 650 |
0 |
7 |
|a biskupi
|2 SNKPH
|9 1760
|
| 655 |
|
7 |
|a biografie
|2 SNKPH
|9 27965
|
| 700 |
1 |
|
|a Kiss, Béla A.
|4 com
|9 698072
|
| 919 |
|
|
|a 978-80-89269-10-5
|
| 958 |
|
|
|a NT
|
| 958 |
|
|
|a HU
|
| 958 |
|
|
|a NM
|
| 958 |
|
|
|a BC
|
| 958 |
|
|
|a OND
|
| 968 |
|
|
|d 2
|
| 999 |
|
|
|c 1087293
|d 1089223
|
| 952 |
|
|
|a SNK
|b SNK
|y VYP
|7 0
|p 17A0615800
|o snkSC 135173 D1
|i snk2009/6596
|8 0
|0 0
|1 0
|4 0
|d 2009-04-02
|l 0
|r 2026-02-24 16:46:05
|w 2026-02-24
|
| 952 |
|
|
|a SNK
|b SNK
|y PREZ
|7 0
|p 17A0615801
|o snkSC 135173
|i snk2009/6595
|8 0
|0 0
|1 0
|4 0
|d 2009-04-02
|f 1
|l 0
|r 2025-07-01 00:00:00
|w 2026-02-24
|